000
00344nam a2200145Ia 4500
008
150201s2012 xx 000 0 und d
082
_a
618.2
_b
C12M
100
_a
MUDALIAR, AL.
245
_a
CLINICAL OBSTETRICS
250
_a
11TH
260
_b
UNIVERSITY PRESS
_a
HYD INDIA
_c
2012
300
_a
1-507
650
_a
OBS. & GYN
942
_2
ddc
_c
BK
999
_c
1706
_d
1706